| Tag |
First Indicator |
Second Indicator |
Subfields |
| LEADER |
00000cam a22000001 4500 |
| 001 |
in00000728310 |
| 005 |
20241023130051.0 |
| 008 |
711228s1963 wau b 000 0 eng |
| 010 |
|
|
|a 63019632
|
| 016 |
|
|
|a (AMICUS)000001419492
|
| 016 |
7 |
|
|a 003181921
|2 Uk
|
| 019 |
|
|
|a 1201388
|a 59069256
|a 880087867
|a 890496549
|a 959414188
|a 963634497
|a 1079763580
|a 1167316883
|a 1221648605
|a 1269657338
|
| 029 |
1 |
|
|a AU@
|b 000000645454
|
| 029 |
1 |
|
|a DEBBG
|b BV005076309
|
| 029 |
1 |
|
|a DEBSZ
|b 00094811X
|
| 029 |
1 |
|
|a GEBAY
|b 9784681
|
| 029 |
1 |
|
|a HEBIS
|b 102291519
|
| 029 |
1 |
|
|a NLC
|b 000001419492
|
| 029 |
1 |
|
|a NZ1
|b 2928357
|
| 029 |
1 |
|
|a NZ1
|b 819363
|
| 029 |
1 |
|
|a ZWZ
|b 046049568
|
| 029 |
1 |
|
|a UKMGB
|b 003181921
|
| 035 |
|
|
|a (OCoLC)ocm00269665
|
| 035 |
|
|
|a (OCoLC)269665
|z (OCoLC)1201388
|z (OCoLC)59069256
|z (OCoLC)880087867
|z (OCoLC)890496549
|z (OCoLC)959414188
|z (OCoLC)963634497
|z (OCoLC)1079763580
|z (OCoLC)1167316883
|z (OCoLC)1221648605
|z (OCoLC)1269657338
|
| 035 |
|
|
|a (OCoLC)ocm00269665
|
| 040 |
|
|
|a DLC
|b eng
|c DLC
|d MUQ
|d BTCTA
|d YOM
|d ZWZ
|d GEBAY
|d FER
|d OCLCO
|d UKMGB
|d AQ5
|d OCLCO
|d OCLCQ
|d OCLCO
|d SLY
|d OCLCF
|d DEBBG
|d OCLCO
|d NLC
|d OCLCQ
|d OCLCO
|d OCLCQ
|d XFF
|d OCLCQ
|d CSO
|d MRM
|d TFW
|d CPS
|d OCLCQ
|d OCLCO
|d WYU
|d CPO
|d OCLCQ
|d OCLCO
|d OCLCA
|d OCLCQ
|d OCLCO
|d OCLCA
|d J9U
|d OCLCO
|d OCLCL
|
| 043 |
|
|
|a n-usu--
|
| 050 |
0 |
0 |
|a PS261
|b .R63
|
| 082 |
0 |
0 |
|a 810.975
|
| 084 |
|
|
|a I712. 06
|2 clc
|
| 084 |
|
|
|a HU 1540
|2 rvk
|
| 100 |
1 |
|
|a Rubin, Louis D.,
|c Jr.
|q (Louis Decimus),
|d 1923-2013.
|1 https://id.oclc.org/worldcat/entity/E39PBJmxVTYCChB34D3RDcGrbd
|
| 245 |
1 |
4 |
|a The faraway country;
|b writers of the modern South.
|
| 260 |
|
|
|a Seattle,
|b University of Washington Press,
|c 1963.
|
| 300 |
|
|
|a xiv, 256 pages
|c 23 cm
|
| 336 |
|
|
|a text
|b txt
|2 rdacontent
|
| 337 |
|
|
|a unmediated
|b n
|2 rdamedia
|
| 338 |
|
|
|a volume
|b nc
|2 rdacarrier
|
| 340 |
|
|
|m 8vo.
|2 rdabf
|
| 504 |
|
|
|a Bibliographical references included in "Notes" (p. 241-247).
|
| 505 |
0 |
|
|a The south and Faraway Country -- The road to Yoknapatawpha: George W. Cable and John March, Southerner -- Chronicles of Yoknapatawpha: the dynasties of William Faulkner -- Thomas Wolfe: time and the south -- Burden's Landing: All the king's men and the modern south -- The golden apples of the sun -- The poetry of agrarianism -- William Styron: notes on a southern writer in our time -- Postscript: a look backward and ahead.
|
| 650 |
|
0 |
|a American literature
|z Southern States
|x History and criticism.
|
| 651 |
|
0 |
|a Southern States
|x Intellectual life
|y 1865-
|
| 651 |
|
0 |
|a Southern States
|x In literature.
|
| 650 |
|
0 |
|a American literature
|y 20th century.
|
| 650 |
|
2 |
|a Literature, Modern
|
| 651 |
|
2 |
|a Southeastern United States
|
| 650 |
|
6 |
|a Littérature américaine
|y 20e siècle.
|
| 651 |
|
6 |
|a États-Unis (Sud)
|x Vie intellectuelle
|y 1865-
|
| 651 |
|
6 |
|a États-Unis (Sud)
|x Dans la littérature.
|
| 650 |
0 |
7 |
|a American literature
|z Southern States
|x History and criticism.
|2 cct
|
| 650 |
0 |
7 |
|a Littérature américaine
|y 20e siècle.
|2 cct
|
| 651 |
|
7 |
|a Southern States
|x In literature.
|2 cct
|
| 651 |
|
7 |
|a Southern States
|x Intellectual life
|y 1865-
|2 cct
|
| 650 |
|
7 |
|a American literature.
|2 fast
|0 (OCoLC)fst00807113
|
| 650 |
|
7 |
|a Intellectual life.
|2 fast
|0 (OCoLC)fst00975769
|
| 650 |
|
7 |
|a Literature.
|2 fast
|0 (OCoLC)fst00999953
|
| 651 |
|
7 |
|a Southern States.
|2 fast
|0 (OCoLC)fst01244550
|
| 650 |
|
7 |
|a Literatur
|2 gnd
|
| 651 |
|
7 |
|a USA
|x Südstaaten
|2 gnd
|
| 650 |
|
7 |
|a Short stories, American
|y 20th century.
|2 nli
|
| 651 |
|
7 |
|a Southern States
|v Fiction.
|2 nli
|
| 600 |
1 |
7 |
|a Cable, George Washington,
|d (1844-1925)
|x Critique et interprétation.
|2 ram
|
| 600 |
1 |
7 |
|a Faulkner, William,
|d (1897-1962)
|x Critique et interprétation.
|2 ram
|
| 600 |
1 |
7 |
|a Wolfe, Thomas,
|d (1900-1938)
|x Critique et interprétation.
|2 ram
|
| 600 |
1 |
7 |
|a Styron, William,
|d (1925-2006)
|x Critique et interprétation.
|2 ram
|
| 650 |
|
7 |
|a Littérature américaine
|z États-Unis (sud)
|2 ram
|
| 648 |
|
7 |
|a Since 1865
|2 fast
|
| 648 |
|
7 |
|a Geschichte 1900-
|2 swd
|
| 655 |
|
7 |
|a Criticism, interpretation, etc.
|2 fast
|0 (OCoLC)fst01411635
|
| 655 |
|
7 |
|a American fiction.
|2 nli
|
| 758 |
|
|
|i has work:
|a The faraway country (Text)
|1 https://id.oclc.org/worldcat/entity/E39PCGw73PvhJ6HByk4m4MJYyd
|4 https://id.oclc.org/worldcat/ontology/hasWork
|
| 776 |
0 |
8 |
|i Online version:
|a Rubin, Louis Decimus, 1923-
|t Faraway country.
|d Seattle, University of Washington Press, 1963
|w (OCoLC)575381766
|
| 938 |
|
|
|a Baker and Taylor
|b BTCP
|n 63019632 //r892
|
| 948 |
|
|
|h HELD BY TXA - 1018 OTHER HOLDINGS
|
| 994 |
|
|
|a Z0
|b TXA
|
| 999 |
f |
f |
|s 7713c21e-cc60-3e6e-8e33-364d16c3653e
|i 550867d5-127a-36a3-bc1c-f54d737dbf28
|t 0
|
| 952 |
f |
f |
|p ric
|a Texas A&M University
|b Rellis Campus
|c Joint Library Facility
|d Remote Storage
|t 0
|e PS261 .R63
|h Library of Congress classification
|i unmediated -- volume
|m A14801212550
|
| 998 |
f |
f |
|a PS261 .R63
|t 0
|l Remote Storage
|